000 00202nam a2200109Ia 4500
100 _aLACEY/ROBERT.
942 _cBK
245 _aMAJESTY-ELIZABETH
260 _b#N/A
546 _aENGLISH
999 _c32879
_d32879